000 00815nam a22002657a 4500
001 4742
003 FISKH
005 20240927092321.0
008 240927b cb ||||| |||| 00| 0 eng d
040 _aFISKH
_beng
_cFISKH
_dFISKH
050 _aPZ7.M1696
082 _a623.91
100 _aMcGraw, Eloise Jarvis
_eauthor
245 _aThe Golden Goblet /
_cby Eloise Jarvis McGraw
250 _aFirst Scholastic printing , January 1992
260 _aNew York :
_bScholastic ;
_c1961 .
300 _a248 pages :
_billustrations ;
_c20 cm .
505 _aZ
520 _aA young Egyptian boy struggles to reveal a hideous crime and reshape his own destiny.
521 8 _a930
_bLexile
521 8 _aZ
_bRaz-Plus
650 _aancient history
_vfiction
942 _2ddc
_cBK
_n0
999 _c4742
_d4742